Normal view
MARC view
Entry Topical Term
001 - CONTROL NUMBER
- control field: 52016
003 - CONTROL NUMBER IDENTIFIER
- control field:
005 - DATE AND TIME OF LATEST TRANSACTION
- control field: 20210601181536.0
008 - FIXED-LENGTH DATA ELEMENTS
- fixed length control field: 210601|| aca||aabn | a|a d
040 ## - CATALOGING SOURCE
- Original cataloging agency:
- Transcribing agency:
150 ## - HEADING--TOPICAL TERM
- Topical term or geographic name entry element: Arch dams
- General subdivision: Foundations
670 ## - SOURCE DATA FOUND
- Source citation: Work cat.: (): International Symposium on Theory of Arch Dams (Apr 1964: Southampton University) 52013, Theory of arch dams:, c1965
